Protekcionizmus vo svetovom obchode
Definícia a druhy protekcionizmu. Príčiny využívania protekcionistických opatrení. Vplyv protekcionizmu na národnú ekonomiku. Odvetvový protekcionizmus. Protekcionizmus vo svetovom obchode.
Guardado en:
| Autor principal: | |
|---|---|
| Formato: | Capítulo de libro |
| Lenguaje: | eslovaco |
| Materias: | |
| Etiquetas: |
Sin Etiquetas, Sea el primero en etiquetar este registro!
|
MARC
| LEADER | 00000naa a2200000 4500 | ||
|---|---|---|---|
| 001 | r034532 | ||
| 005 | 20230918075944.7 | ||
| 041 | 0 | |a slo | |
| 044 | |a SK | ||
| 245 | 1 | 0 | |a Protekcionizmus vo svetovom obchode |c Ľudmila Lipková |
| 520 | |a Definícia a druhy protekcionizmu. Príčiny využívania protekcionistických opatrení. Vplyv protekcionizmu na národnú ekonomiku. Odvetvový protekcionizmus. Protekcionizmus vo svetovom obchode. | ||
| 610 | 2 | 0 | |a protekcionizmus |
| 610 | 2 | 0 | |a obchod svetový |
| 610 | 2 | 0 | |a pojmy |
| 610 | 2 | 0 | |a liberalizmus |
| 610 | 2 | 0 | |a konkurencia |
| 610 | 2 | 0 | |a reštrukturalizácia |
| 610 | 2 | 0 | |a hospodárstvo národné |
| 610 | 2 | 0 | |a hospodárstvo svetové |
| 100 | 1 | |a Lipková, Ľudmila | |